000 00317nam a22001457a 4500
008 230124b ||||| |||| 00| 0 eng d
020 _a9780131552807
041 _aeng
080 _a72
082 _a72BEA
100 _a19.1
101 _aARKIT
245 _aDESIGNING YOUR FUTURE
_cBEACHAM V C
942 _2udc
_cBK
999 _c59260
_d59260